Educación y entorno en la ingeniería agronómica : (Registro nro. 8422)

Detalles MARC
000 -CABECERA
Campo de control 00755nam a22002177a 4500
005 - FECHA Y HORA DE LA ULTIMA TRANSACCION
Campo de control 20150122104515.0
008 - ELEMENTOS DE LONGITUD FIJA—INFORMACION GENERAL
Campo de control 120412s2009 ck a gr 00010 spa d
020 ## - ISBN
ISBN 9789586601481
040 ## - FUENTE DE CATALOGACIÓN
Agencia catalogadora original CO-BoIAVH
Agencia transcriptora CO-BoIAVH
041 0# - IDIOMA
Código de idioma para texto/pista de sonido o título separado Español
044 ## - PAÍS DE PUBLICACIÓN
País de publicación Colombia
082 04 - NUMERO DE CLASIFICACION DECIMAL DEWEY
Número de clasificación 630.3
Número del ítem G64e
100 1# - ASIENTO PRINCIPAL--NOMBRE PERSONAL
Nombre personal Gonzalez-Santos, Wilson.
245 10 - MENCION DE TITULO
Título Educación y entorno en la ingeniería agronómica :
Parte restante del título un encuentro entre la academia y su contexto /
260 ## - PUBLICACION, DISTRIBUCION, ETC. (PIE DE IMPRENTA)
Lugar de publicación, distribución, etc. Tunja :
Nombre del editor, distribuidor, etc. Universidad Pedagógica y Tecnológica de Colombia,
Fecha de publicación, distribución, etc. 2009.
300 ## - DESCRIPCION FISICA
Extensión 53 p. :
Otros detalles físicos il. ;
Dimensiones 25 cm.
650 #4 - ASIENTO SECUNDARIO DE MATERIA - TERMINO TEMATICO
Término temático o nombre geográfico como elemento de entrada Agronomía
Subdivisión general Enseñanza.
650 #4 - ASIENTO SECUNDARIO DE MATERIA - TERMINO TEMATICO
Término temático o nombre geográfico como elemento de entrada Ingeniería agronómica
Subdivisión general Enseñanza.
650 ## - ASIENTO SECUNDARIO DE MATERIA - TERMINO TEMATICO
Término temático o nombre geográfico como elemento de entrada Desarrollo rural
Subdivisión general Enseñanza.
942 ## - ELEMENTOS ADICIONALES (KOHA)
Sistema de clasificación Dewey Decimal Classification
Tipo de ítem Impreso
Existencias
Withdrawn status Lost status Sistema de Clasificación Damaged status No para préstamo Colección Inventariado Ubicación Permanente Ubicación actual Fecha de adquisición Fuente de Valor Valor Total Checkouts Número topográfico Inventario / Código de Barras Date last seen Ejemplar Price effective from Forma de adquisición Tipo de material
    Dewey Decimal Classification     General Inventariado 2017 Bogotá Bogotá 05/05/2014 Instituto 39000.00   LB-630.3 G64e 038033 05/05/2014 Ej. 1 05/05/2014 Canje Libro